Svetová finančná a úverová kríza a jej vplyv na ekonomiku Slovenska

Príčiny vzniku finančnej krízy v USA. Vývoj na svetových akciových trhoch. Cyklický charakter vývoja na akciových trhoch. Kríza zasiahla aj poisťovníctvo. Slovensko a finančná kríza.

Saved in:
Bibliographic Details
Main Author: Jánošová, Veronika, 1953-
Format: Book Chapter
Language:Slovak
Subjects:
Tags: Add Tag
No Tags, Be the first to tag this record!

MARC

LEADER 00000naa$a2200000$$$4500
001 0089668
005 20240502072012.2
041 0 |a slo 
044 |a SK 
245 1 0 |a Svetová finančná a úverová kríza a jej vplyv na ekonomiku Slovenska  |c Veronika Jánošová 
520 |a Príčiny vzniku finančnej krízy v USA. Vývoj na svetových akciových trhoch. Cyklický charakter vývoja na akciových trhoch. Kríza zasiahla aj poisťovníctvo. Slovensko a finančná kríza. 
610 2 0 |a trh finančný 
610 2 0 |a kríza finančná 
610 2 0 |a úver bankový 
610 2 0 |a deriváty 
610 2 0 |a sadzby úrokové 
610 2 0 |a papiere cenné 
610 2 0 |a banky 
610 2 0 |a dlhy 
610 2 0 |a priemysel automobilový 
610 2 0 |a Slovensko 
100 1 |a Jánošová, Veronika, 1953-